000 00385cam a2200145ua 4500
003 OSt
008 240203b |||||||| |||| 00| 0 eng d
041 _aeng
082 _a660.281
_bMAD/PR
100 _aMadan, Lal .
_95821
245 _aTwo hundred profitable chemical industries /
260 _aDelhi :
_bSmall Industry Research Institute ,
_c1974.
300 _a200 ; .
942 _cBK
999 _c7936
_d7936